[Event "Württ Kandidatenturnier"]
[Site "Stuttgart"]
[Date "2015.09.01"]
[Round "4.9"]
[White "Schuster, Gerhard"]
[Black "Stark, Timo"]
[Result "1/2-1/2"]
[WhiteElo "2011"]
[BlackElo "1851"]
[PlyCount "155"]
[EventDate "2015.??.??"]
[EventCountry "GER"]
[WhiteTeam "SC Feuerbach"]
[BlackTeam "SC Neckarsulm"]

1. e4 {[%emt 0:00:00]} c5 {[%emt 0:00:00]} 2. Nf3 {[%emt 0:00:03]} Nc6 {[%emt
0:00:00]} 3. Bb5 {[%emt 0:00:04]} a6 {[%emt 0:00:00]} 4. Bxc6 {[%emt 0:00:00]}
dxc6 {[%emt 0:00:01]} 5. O-O {[%emt 0:00:00]} Bg4 {[%emt 0:00:00]} 6. d3 {
[%emt 0:00:00]} e5 {[%emt 0:00:00]} 7. h3 {[%emt 0:00:00]} h5 {[%emt 0:00:00]}
8. Nbd2 {[%emt 0:00:00]} Qf6 {[%emt 0:00:00]} 9. Nc4 {[%emt 0:00:00]} Bxf3 {
[%emt 0:00:00]} 10. Qxf3 {[%emt 0:00:00]} Qxf3 {[%emt 0:00:00]} 11. gxf3 {
[%emt 0:00:02]} f6 {[%emt 0:00:00]} 12. f4 {[%emt 0:00:00]} b5 {[%emt 0:00:00]}
13. Na5 {[%emt 0:00:00]} Kd7 {[%emt 0:00:00]} 14. f5 {[%emt 0:00:00]} g6 {
[%emt 0:00:00]} 15. f4 {[%emt 0:00:00]} Bd6 {[%emt 0:00:00]} 16. fxg6 {[%emt 0:
00:00]} exf4 {[%emt 0:00:00]} 17. Bxf4 {[%emt 0:00:00]} Re8 {[%emt 0:00:00]}
18. Bxd6 {[%emt 0:00:09]} Kxd6 {[%emt 0:00:02]} 19. Nb7+ {[%emt 0:00:00]} Kc7 {
[%emt 0:00:00]} 20. Nxc5 {[%emt 0:00:00]} a5 {[%emt 0:00:00]} 21. Kh2 {[%emt 0:
00:07]} Rh6 {[%emt 0:00:03]} 22. g7 {[%emt 0:00:00]} Kd6 {[%emt 0:00:00]} 23.
d4 {[%emt 0:00:00]} Re7 {[%emt 0:00:00]} 24. Rf5 {[%emt 0:00:00]} Rxg7 {[%emt
0:00:00]} 25. Rg1 {[%emt 0:00:00]} Rxg1 {[%emt 0:00:00]} 26. Kxg1 {[%emt 0:00:
03]} Ne7 {[%emt 0:00:06]} 27. Rxf6+ {[%emt 0:00:00]} Rxf6 {[%emt 0:00:00]} 28.
e5+ {[%emt 0:00:03]} Kd5 {[%emt 0:00:02]} 29. exf6 {[%emt 0:00:02]} Ng6 {[%emt
0:00:08]} 30. Kf2 {[%emt 0:00:00]} Kxd4 {[%emt 0:00:00]} 31. Nd7 {[%emt 0:00:
00]} Nh8 {[%emt 0:00:00]} 32. Kf3 {[%emt 0:00:00]} Kd5 {[%emt 0:00:12]} 33. f7
{[%emt 0:00:00]} Nxf7 {[%emt 0:00:00]} 34. Nf6+ {[%emt 0:00:00]} Kd4 {[%emt 0:
00:00]} 35. Nxh5 {[%emt 0:00:00]} b4 {[%emt 0:00:00]} 36. Nf4 {[%emt 0:00:00]}
c5 {[%emt 0:00:00]} 37. Ne2+ {[%emt 0:00:00]} Ke5 {[%emt 0:00:00]} 38. h4 {
[%emt 0:00:00]} a4 {[%emt 0:00:00]} 39. Ke3 {[%emt 0:00:00]} c4 {[%emt 0:00:00]
} 40. b3 {[%emt 0:00:00]} axb3 {[%emt 0:00:00]} 41. axb3 {[%emt 0:00:00]} Nd6 {
[%emt 0:00:00]} 42. Nd4 {[%emt 0:00:00]} cxb3 {[%emt 0:00:00]} 43. cxb3 {[%emt
0:00:00]} Nb7 {[%emt 0:00:00]} 44. Nc6+ {[%emt 0:00:00]} Kf5 {[%emt 0:00:00]}
45. Kd4 {[%emt 0:00:00]} Kg4 {[%emt 0:00:00]} 46. Kc4 {[%emt 0:00:00]} Kxh4 {
[%emt 0:00:00]} 47. Kxb4 {[%emt 0:00:00]} Kg5 {[%emt 0:00:00]} 48. Kb5 {[%emt
0:00:00]} Kf5 {[%emt 0:00:00]} 49. Na5 {[%emt 0:00:00]} Nd6+ {[%emt 0:00:00]}
50. Kc6 {[%emt 0:00:00]} Ke6 {[%emt 0:00:00]} 51. Nc4 {[%emt 0:00:00]} Ne4 {
[%emt 0:00:00]} 52. b4 {[%emt 0:00:00]} Nc3 {[%emt 0:00:00]} 53. Ne3 {[%emt 0:
00:00]} Ke5 {[%emt 0:00:00]} 54. Nd1 {[%emt 0:00:00]} Nd5 {[%emt 0:00:00]} 55.
b5 {[%emt 0:00:00]} Ke6 {[%emt 0:00:00]} 56. Kc5 {[%emt 0:00:00]} Nf6 {[%emt 0:
00:00]} 57. Ne3 {[%emt 0:00:00]} Kd7 {[%emt 0:00:00]} 58. Kb6 {[%emt 0:00:00]}
Ne8 {[%emt 0:00:00]} 59. Kc5 {[%emt 0:00:00]} Kc7 {[%emt 0:00:00]} 60. Nf5 {
[%emt 0:00:00]} Kb7 {[%emt 0:00:00]} 61. b6 {[%emt 0:00:00]} Nc7 {[%emt 0:00:
00]} 62. Nd6+ {[%emt 0:00:00]} Kb8 {[%emt 0:00:00]} 63. Kc6 {[%emt 0:00:00]}
Ne6 {[%emt 0:00:00]} 64. Ne8 {[%emt 0:00:00]} Nd8+ {[%emt 0:00:00]} 65. Kb5 {
[%emt 0:00:00]} Kb7 {[%emt 0:00:00]} 66. Nd6+ {[%emt 0:00:00]} Kb8 {[%emt 0:00:
00]} 67. Ka6 {[%emt 0:00:00]} Ka8 {[%emt 0:00:00]} 68. Nb5 {[%emt 0:00:00]} Kb8
{[%emt 0:00:00]} 69. Nc7 {[%emt 0:00:00]} Nb7 {[%emt 0:00:00]} 70. Kb5 {[%emt
0:00:00]} Nd8 {[%emt 0:00:00]} 71. Na6+ {[%emt 0:00:00]} Kb7 {[%emt 0:00:00]}
72. Nc5+ {[%emt 0:00:00]} Kb8 {[%emt 0:00:00]} 73. Ka5 {[%emt 0:00:00]} Nb7+ {
[%emt 0:00:00]} 74. Nxb7 {[%emt 0:00:00]} Kxb7 {[%emt 0:00:00]} 75. Kb5 {[%emt
0:00:00]} Kb8 {[%emt 0:00:00]} 76. Ka6 {[%emt 0:00:05]} Ka8 {[%emt 0:00:00]}
77. b7+ {[%emt 0:00:02]} Kb8 {[%emt 0:00:00]} 78. Kb6 {[%emt 0:00:01]} 1/2-1/2

[Event "Württ Kandidatenturnier"]
[Site "Stuttgart"]
[Date "2015.09.01"]
[Round "4.10"]
[White "Klaiß, Thomas"]
[Black "Wendler, David"]
[Result "0-1"]
[WhiteElo "1979"]
[BlackElo "1857"]
[PlyCount "110"]
[EventDate "2015.??.??"]
[EventCountry "GER"]
[WhiteTeam "SF Dornstetten-Pfalzgrafenweiler"]
[BlackTeam "SK Bebenhausen"]

1. e4 c5 2. b3 Nc6 3. Bb2 e5 4. Nc3 Nf6 5. Bc4 d6 6. Nge2 Be7 7. O-O a6 8. a4
O-O 9. d3 Bg4 10. f3 Be6 11. Qe1 Nh5 12. Nd5 Bg5 13. Bc1 Bxd5 14. Bxd5 Nb4 15.
Qd1 Nxd5 16. exd5 f5 17. f4 Nxf4 18. Bxf4 Bxf4 19. Nxf4 exf4 20. Rxf4 Qf6 21.
c4 Qe5 22. Rf3 Qd4+ 23. Kh1 Rae8 24. Qg1 Qxg1+ 25. Kxg1 Re2 26. Rd1 a5 27. d4
b6 28. dxc5 bxc5 29. Kf1 Re5 30. Kf2 g5 31. g3 Kg7 32. h4 h6 33. hxg5 hxg5 34.
Re3 Rxe3 35. Kxe3 Kf6 36. Rh1 Kg6 37. Kd3 Re8 38. Rh2 f4 39. gxf4 gxf4 40. Rh4
Kg5 41. Rh7 f3 42. Rg7+ Kh4 43. Rf7 Kg4 44. Rg7+ Kh3 45. Rf7 Kg2 46. Rg7+ Kf1
47. Rg6 f2 48. Kd2 Re4 49. Rf6 Kg2 50. Rg6+ Kf3 51. Rf6+ Rf4 52. Rxf4+ Kxf4 53.
Ke2 Kg3 54. Kf1 Kf3 55. b4 axb4 0-1

[Event "Württ Kandidatenturnier"]
[Site "Stuttgart"]
[Date "2015.09.01"]
[Round "4.12"]
[White "Petzelberger, Ferdinand"]
[Black "Lüdke, Joshua"]
[Result "1/2-1/2"]
[WhiteElo "1934"]
[BlackElo "1823"]
[PlyCount "90"]
[EventDate "2015.??.??"]
[EventCountry "GER"]
[WhiteTeam "VfL Sindelfingen"]
[BlackTeam "SV Marbach"]

1. e4 e6 2. d4 d5 3. Nc3 Bb4 4. e5 Ne7 5. a3 Bxc3+ 6. bxc3 c5 7. Qg4 Qc7 8.
Qxg7 Rg8 9. Qxh7 cxd4 10. Ne2 dxc3 11. f4 Nbc6 12. h4 Bd7 13. h5 d4 14. h6
O-O-O 15. Qd3 Rg6 16. h7 Rh8 17. Ng3 Kb8 18. Ne4 Nf5 19. Rb1 Ka8 20. Qf3 Rg7
21. g4 Nfe7 22. Nd6 Nd8 23. Bd3 Bc6 24. Be4 Rgxh7 25. Rxh7 Rxh7 26. Qd3 Bxe4
27. Qxe4 Rh4 28. Qxd4 Nd5 29. Nb5 Qb6 30. Qxb6 axb6 31. Ke2 Rxg4 32. Rb3 Nc6
33. Kf3 Rh4 34. Ke4 Na5 35. Rb1 Nc4 36. Kd3 Nb2+ 37. Bxb2 cxb2 38. Rxb2 Nxf4+
39. Ke3 Nd5+ 40. Kd3 Kb8 41. Nd6 f6 42. exf6 Nxf6 43. Nc4 Nd5 44. Nxb6 Rh3+ 45.
Kc4 Nxb6+ 1/2-1/2

[Event "Württ Kandidatenturnier"]
[Site "Stuttgart"]
[Date "2015.09.01"]
[Round "4.13"]
[White "Klaus, Daniel"]
[Black "Mayer, Dietmar"]
[Result "1-0"]
[WhiteElo "1933"]
[BlackElo "1747"]
[PlyCount "74"]
[EventDate "2015.??.??"]
[EventCountry "GER"]
[WhiteTeam "SC Feuerbach"]
[BlackTeam "SC Böblingen"]

1. e4 e5 2. Nf3 Nc6 3. Bb5 Nd4 4. Bc4 b5 5. Bb3 Nxb3 6. axb3 d6 7. d3 c5 8. Bg5
f6 9. Be3 g6 10. Nc3 b4 11. Ne2 Bb7 12. Ng3 Bg7 13. Qd2 Ne7 14. Bh6 O-O 15. h4
Qe8 16. O-O Qf7 17. Ra4 Bxh6 18. Qxh6 Qg7 19. Qd2 Kh8 20. Rfa1 a6 21. c3 Qg8
22. cxb4 f5 23. bxc5 fxe4 24. dxe4 d5 25. Nxe5 dxe4 26. c6 Rad8 27. Qc3 Qg7 28.
cxb7 Nd5 29. Nxg6+ hxg6 30. Qxg7+ Kxg7 31. Rxa6 Rb8 32. R1a5 Nf6 33. Rb6 Rf7
34. Ra7 Rd7 35. Kf1 Ng4 36. Nxe4 Rd1+ 37. Ke2 Rbd8 1-0

[Event "Württ Kandidatenturnier"]
[Site "Stuttgart"]
[Date "2015.09.01"]
[Round "4.14"]
[White "Mierzwa, Robert"]
[Black "Bangert, Udo"]
[Result "0-1"]
[WhiteElo "1900"]
[BlackElo "1917"]
[PlyCount "97"]
[EventDate "2015.??.??"]
[EventCountry "GER"]
[WhiteTeam "SC Weiße Dame Ulm"]
[BlackTeam "SC Grunbach"]

1. d4 Nf6 2. c4 c5 3. d5 b5 4. cxb5 a6 5. bxa6 Bxa6 6. Nc3 g6 7. e4 d6 8. Bxa6
Nxa6 9. Nf3 Bg7 10. O-O O-O 11. Qe2 Nd7 12. Nd2 Qa5 13. Nc4 Qb4 14. a3 Qb8 15.
Bd2 Ne5 16. Ne3 Qb3 17. f4 Nd7 18. Nc4 Bd4+ 19. Kh1 Nc7 20. Rf3 Rfb8 21. Nd1
Qb5 22. Rc1 Nb6 23. b4 Ra4 24. Nc3 Qxc4 25. Qxc4 Nxc4 26. Nxa4 Nxd2 27. Rd3
Nxe4 28. Rxd4 cxd4 29. Rxc7 d3 30. Nb2 d2 31. Kg1 Kf8 32. Rc4 f5 33. a4 Ke8 34.
Nd1 Kd7 35. Kf1 e6 36. dxe6+ Kxe6 37. Ke2 d5 38. Rd4 Rc8 39. Rd3 Rc4 40. Rb3 d4
41. a5 Rc1 42. Rd3 Nc3+ 43. Kxd2 Rxd1+ 44. Kc2 Rxd3 45. Kxd3 Kd5 46. h3 h5 47.
h4 Nb5 48. a6 Na7 49. g3 0-1

[Event "Württ Kandidatenturnier"]
[Site "Stuttgart"]
[Date "2015.09.01"]
[Round "4.15"]
[White "Schömbs, Oliver"]
[Black "Zimmermann, Tobias"]
[Result "0-1"]
[WhiteElo "1917"]
[BlackElo "1804"]
[PlyCount "46"]
[EventDate "2015.??.??"]
[EventCountry "GER"]
[WhiteTeam "SC Ingersheim"]
[BlackTeam "SC Botnang"]

1. e4 c5 2. Nf3 d6 3. d4 cxd4 4. Nxd4 Nf6 5. Nc3 a6 6. Be3 e6 7. Be2 Nbd7 8. f4
b5 9. Bf3 Bb7 10. e5 Bxf3 11. Qxf3 dxe5 12. Nc6 Qc7 13. fxe5 Rc8 14. Na7 Nxe5
15. Qe2 Rd8 16. Naxb5 axb5 17. Qxb5+ Ned7 18. O-O-O Be7 19. Rhf1 O-O 20. h4 Rb8
21. Qa4 Qb7 22. b3 Bb4 23. Nb1 Ra8 0-1

[Event "Württ Kandidatenturnier"]
[Site "Stuttgart"]
[Date "2015.09.01"]
[Round "4.16"]
[White "Baumeister, Jürgen"]
[Black "Freiherr von Hauff, Christopher V"]
[Result "1-0"]
[WhiteElo "1823"]
[BlackElo "1858"]
[PlyCount "49"]
[EventDate "2015.??.??"]
[EventCountry "GER"]
[WhiteTeam "SC Asperg"]
[BlackTeam "SK Bebenhausen"]

1. e4 e5 2. Nf3 Nc6 3. d4 exd4 4. Bc4 Nf6 5. O-O Bc5 6. e5 d5 7. exf6 dxc4 8.
Re1+ Be6 9. Ng5 Qd5 10. Nc3 Qf5 11. Nce4 Bb6 12. g4 Qg6 13. Nxe6 fxe6 14. f7+
Ke7 15. Qf3 Rhf8 16. Qa3+ Kd7 17. Ng5 h6 18. Rxe6 Qxc2 19. Qf3 Ne7 20. Bf4 Qxb2
21. Rxe7+ Kxe7 22. Re1+ Kd7 23. Qd5+ Kc8 24. Re8+ Rxe8 25. fxe8=R# 1-0

[Event "Württ Kandidatenturnier"]
[Site "Stuttgart"]
[Date "2015.09.01"]
[Round "4.17"]
[White "Ruff, Robert"]
[Black "Engelhardt, Frank"]
[Result "1-0"]
[WhiteElo "1841"]
[BlackElo "1794"]
[PlyCount "64"]
[EventDate "2015.??.??"]
[EventCountry "GER"]
[WhiteTeam "SK Sachsenheim"]
[BlackTeam "SC Botnang"]

1. d4 Nf6 2. c4 e6 3. Nc3 d5 4. Bg5 Be7 5. cxd5 exd5 6. Qc2 O-O 7. e3 h6 8. Bh4
Nc6 9. a3 Re8 10. Bd3 Be6 11. Nf3 Rc8 12. O-O Nd7 13. Bg3 Bf6 14. b4 a6 15.
Rac1 Nb6 16. Bh7+ Kh8 17. Bf5 Nc4 18. Bxe6 fxe6 19. Qa2 b5 20. Rfd1 Qd7 21. h3
Rcd8 22. Ne1 Qf7 23. Nd3 e5 24. dxe5 N6xe5 25. Nc5 c6 26. Ne2 Nd7 27. Nd3 a5
28. Bc7 Rc8 29. Bxa5 Qe7 30. Kf1 Rf8 31. Kg1 Rce8 32. Nef4 d4 1-0

[Event "Württ Kandidatenturnier"]
[Site "Stuttgart"]
[Date "2015.09.01"]
[Round "4.18"]
[White "Yi, Danny"]
[Black "Langjahr, Marius"]
[Result "1/2-1/2"]
[WhiteElo "1745"]
[BlackElo "1784"]
[PlyCount "51"]
[EventDate "2015.??.??"]
[EventCountry "GER"]
[WhiteTeam "SF Kornwestheim"]
[BlackTeam "SK Sachsenheim"]

1. e4 e6 2. d4 d5 3. Nd2 Nf6 4. e5 Nfd7 5. Bd3 c5 6. c3 Nc6 7. Ne2 cxd4 8. cxd4
f6 9. exf6 Nxf6 10. Nf3 Bd6 11. O-O Qc7 12. g3 O-O 13. Bf4 Bd7 14. Rc1 Nh5 15.
Bxd6 Qxd6 16. Nc3 g6 17. Bb1 Qb4 18. b3 Ng7 19. Ne5 Nxe5 20. dxe5 Rac8 21. Ne2
Rxc1 22. Qxc1 Rc8 23. Qe3 Bb5 24. Rd1 Bxe2 25. Qxe2 Qc5 26. h4 1/2-1/2

[Event "Württ Kandidatenturnier"]
[Site "Stuttgart"]
[Date "2015.09.01"]
[Round "4.19"]
[White "Nam, Seung-Zin"]
[Black "Tölg, Wolfgang"]
[Result "0-1"]
[WhiteElo "1608"]
[BlackElo "1691"]
[PlyCount "92"]
[EventDate "2015.??.??"]
[EventCountry "GER"]
[WhiteTeam "SK Bebenhausen"]
[BlackTeam "SF Oeffingen"]

1. e4 e5 2. Nf3 Nc6 3. d4 exd4 4. Nxd4 Bc5 5. Be3 Qf6 6. c3 Bb6 7. Nf5 Nge7 8.
Bxb6 axb6 9. Ne3 d6 10. g3 Ng6 11. Bg2 Be6 12. Nd5 Qd8 13. O-O O-O 14. f4 f5
15. exf5 Bxf5 16. Ne3 Bd7 17. Be4 Nge7 18. Qc2 h6 19. Nd2 Kh8 20. b4 Rb8 21.
Qd1 Qe8 22. Bb1 Nf5 23. Nxf5 Bxf5 24. Re1 Qg6 25. Ne4 Rbe8 26. Qd5 Nd8 27. Bd3
Bxe4 28. Bxe4 Qe6 29. Qh5 Qf6 30. Bg6 Rxe1+ 31. Rxe1 Qxc3 32. Re7 c6 33. Be4
Qf6 34. Re8 Kg8 35. b5 d5 36. Bd3 Qd4+ 37. Kg2 Qxd3 38. bxc6 bxc6 39. Re7 Qf5
40. Qe2 d4 41. Re5 Qf7 42. Qb2 d3 43. a4 Re8 44. Qxb6 Rxe5 45. fxe5 Qd5+ 46.
Kf2 d2 0-1

[Event "Württ Kandidatenturnier"]
[Site "Stuttgart"]
[Date "2015.09.01"]
[Round "4.20"]
[White "Junginger, Andreas"]
[Black "Schreiber, Stephan"]
[Result "1-0"]
[WhiteElo "1999"]
[BlackElo "1792"]
[PlyCount "75"]
[EventDate "2015.??.??"]
[EventCountry "GER"]
[WhiteTeam "SV Reutlingen"]
[BlackTeam "SC Botnang"]

1. e4 c5 2. Nf3 d6 3. d3 Nf6 4. g3 e6 5. Bg2 Be7 6. O-O O-O 7. Nbd2 Nc6 8. c3
Rb8 9. a4 Qc7 10. Nc4 b6 11. e5 Nxe5 12. Nfxe5 dxe5 13. Nxe5 Bb7 14. Bf4 Bd6
15. Bxb7 Rxb7 16. Re1 Nd5 17. d4 Nxf4 18. gxf4 cxd4 19. cxd4 Rc8 20. Qf3 f6 21.
Nd3 Qf7 22. Rxe6 Rd7 23. Rae1 h6 24. Qg4 Bf8 25. Rxf6 Qxf6 26. Qxd7 Rd8 27.
Qe6+ Qxe6 28. Rxe6 Rxd4 29. Ne5 Rxa4 30. Ng6 Bc5 31. f5 Rb4 32. Ne5 Rxb2 33.
Re8+ Kh7 34. Nf7 Bxf2+ 35. Kf1 Rb1+ 36. Kxf2 Rb2+ 37. Ke1 Rb1+ 38. Kd2 1-0

[Event "Württ Kandidatenturnier"]
[Site "Stuttgart"]
[Date "2015.09.01"]
[Round "5.1"]
[White "Mareck, Sascha"]
[Black "Maisch, Julian"]
[Result "0-1"]
[WhiteElo "2165"]
[BlackElo "2042"]
[PlyCount "38"]
[EventDate "2015.??.??"]
[EventCountry "GER"]
[WhiteTeam "SV Nürtingen"]
[BlackTeam "SF Kornwestheim"]

1. d4 Nf6 2. Nf3 d5 3. c4 e6 4. g3 Be7 5. Bg2 O-O 6. O-O c6 7. Qc2 b6 8. Nbd2
Ba6 9. b3 Nbd7 10. e4 Rc8 11. Bb2 Rc7 12. Rfe1 Bb7 13. e5 Ne8 14. Rac1 c5 15.
Qb1 Qa8 16. cxd5 Bxd5 17. Ne4 h6 18. Qd3 cxd4 19. Bxd4 Rxc1 0-1

[Event "Württ Kandidatenturnier"]
[Site "Stuttgart"]
[Date "2015.09.01"]
[Round "5.2"]
[White "Andreev, Vlad"]
[Black "Kunert, Günter"]
[Result "1/2-1/2"]
[WhiteElo "2046"]
[BlackElo "2040"]
[PlyCount "71"]
[EventDate "2015.??.??"]
[EventCountry "GER"]
[WhiteTeam "SF Pfullingen"]
[BlackTeam "SV Dicker Turm Esslingen"]

1. d4 Nf6 2. c4 e6 3. Nc3 d5 4. cxd5 exd5 5. Bg5 c6 6. e3 Bf5 7. Qf3 Bg6 8.
Bxf6 Qxf6 9. Qxf6 gxf6 10. h4 Nd7 11. Nh3 Bd6 12. Kd2 O-O-O 13. Bd3 Rde8 14. g3
f5 15. h5 Bxh5 16. Bxf5 Bg6 17. Bd3 f5 18. a3 Nf6 19. Nf4 Bxf4 20. gxf4 Kd7 21.
b4 Ng4 22. Ke2 Re7 23. Rag1 Rf8 24. b5 Nf6 25. bxc6+ bxc6 26. Rb1 Kd6 27. Na4
Ne4 28. Bxe4 fxe4 29. Nc5 h5 30. Rbg1 Bf7 31. Kd2 Rh8 32. Rg7 Rh6 33. Rh4 Bg6
34. Rg8 Re8 35. Rg7 Re7 36. Rg8 1/2-1/2

[Event "Württ Kandidatenturnier"]
[Site "Stuttgart"]
[Date "2015.09.01"]
[Round "5.3"]
[White "Löwe, Joachim"]
[Black "Kolb, Roland"]
[Result "1/2-1/2"]
[WhiteElo "1936"]
[BlackElo "2007"]
[PlyCount "46"]
[EventDate "2015.??.??"]
[EventCountry "GER"]
[WhiteTeam "SK Schmiden/Cannstatt"]
[BlackTeam "SF Oeffingen"]

1. d4 Nf6 2. e3 d5 3. Bd3 c5 4. c3 e6 5. Nd2 Nbd7 6. f4 Be7 7. Nh3 cxd4 8. cxd4
Rb8 9. Nf2 b5 10. Qe2 a6 11. O-O h5 12. Nf3 Ng4 13. Ne5 Ndxe5 14. fxe5 Nxf2 15.
Qxf2 f5 16. exf6 Bxf6 17. Qg3 Rb7 18. Bg6+ Ke7 19. Bd2 b4 20. Bd3 h4 21. Qf4
Qd6 22. Qxd6+ Kxd6 23. Bxa6 Rb6 1/2-1/2

[Event "Württ Kandidatenturnier"]
[Site "Stuttgart"]
[Date "2015.09.01"]
[Round "5.4"]
[White "Heer, Till"]
[Black "Klaus, Dominik"]
[Result "0-1"]
[WhiteElo "1912"]
[BlackElo "1980"]
[PlyCount "66"]
[EventDate "2015.??.??"]
[EventCountry "GER"]
[WhiteTeam "SF Kornwestheim"]
[BlackTeam "Ssg Fils-Lauter"]

1. e4 d5 2. exd5 Qxd5 3. Nc3 Qa5 4. d4 c6 5. Nf3 Nf6 6. Ne5 Bf5 7. g4 Be4 8.
Nc4 Qd8 9. Nxe4 Nxe4 10. Qf3 Nd6 11. Bg5 Qc7 12. O-O-O e6 13. Qg3 b5 14. Nd2
Na6 15. Bf4 Nb4 16. Qb3 Nd5 17. Bg3 Qb6 18. Bg2 O-O-O 19. Nf3 Be7 20. Rhe1 Nc4
21. Kb1 Na5 22. Qd3 Nb4 23. Qe4 Nc4 24. Ne5 Qa6 25. a3 Nd5 26. Nxc4 bxc4 27.
Qf3 c3 28. Qd3 Qb6 29. b3 Bxa3 30. Bxd5 exd5 31. Qf5+ Rd7 32. Bf4 Qa5 33. Qg5
Bb2 0-1

[Event "Württ Kandidatenturnier"]
[Site "Stuttgart"]
[Date "2015.09.01"]
[Round "5.5"]
[White "Zeyher, Marius"]
[Black "Holzinger, Eugen"]
[Result "1-0"]
[WhiteElo "1918"]
[BlackElo "2065"]
[PlyCount "64"]
[EventDate "2015.??.??"]
[EventCountry "GER"]
[WhiteTeam "SpVgg Rommelshausen"]
[BlackTeam "SF HN-Biberach"]

1. d4 Nf6 2. c4 c5 3. d5 b5 4. cxb5 a6 5. bxa6 Bxa6 6. Nc3 g6 7. g3 d6 8. Bg2
Bg7 9. Nf3 Nbd7 10. O-O O-O 11. Rb1 Qa5 12. Qc2 Rfb8 13. b3 Ng4 14. Bd2 Ra7 15.
a4 Rab7 16. Na2 Qc7 17. Bc3 Nge5 18. Nxe5 Nxe5 19. Rfc1 Bh6 20. Rd1 Ng4 21. Rb2
f5 22. h3 Nf6 23. Rdb1 Rf8 24. e3 Rc8 25. Rc1 Qb8 26. Bxf6 exf6 27. b4 Rb6 28.
b5 Rf8 29. Rcb1 Bc8 30. a5 Rb7 31. Qc4 Ra7 32. Qa4 Bd7 1-0

[Event "Württ Kandidatenturnier"]
[Site "Stuttgart"]
[Date "2015.09.01"]
[Round "5.6"]
[White "Pflaum, Stefan"]
[Black "Klaus, Daniel"]
[Result "1/2-1/2"]
[WhiteElo "2064"]
[BlackElo "1933"]
[PlyCount "110"]
[EventDate "2015.??.??"]
[EventCountry "GER"]
[WhiteTeam "SC Botnang"]
[BlackTeam "SC Feuerbach"]

1. d4 d5 2. c4 c6 3. cxd5 cxd5 4. Nc3 Nf6 5. Bf4 Nc6 6. e3 Bf5 7. Qb3 Qb6 8.
Qxb6 axb6 9. a3 e6 10. Rc1 Be7 11. Nf3 O-O 12. Be2 h6 13. Nb5 Rfc8 14. O-O Ne4
15. Bc7 Bd8 16. Bxd8 Rxd8 17. Ne5 Nxe5 18. dxe5 Nc5 19. Rfd1 f6 20. exf6 gxf6
21. b4 Ne4 22. g4 Bg6 23. Nc7 Rxa3 24. Nxe6 Rd7 25. Nf4 Bf7 26. Rd3 Rxd3 27.
Bxd3 Nd2 28. Rd1 Nf3+ 29. Kg2 Ne5 30. Be2 Nc6 31. b5 Ne7 32. Bf3 Be8 33. Ne2
Bg6 34. Nd4 Bf7 35. Rc1 Kg7 36. Kg3 Ng6 37. Nf5+ Kh7 38. Rc8 Ne5 39. Be2 Nc4
40. Nd4 Nd6 41. Rc1 Ne4+ 42. Kg2 Nc5 43. h4 Rd8 44. h5 Ra8 45. Bd1 Be8 46. Bc2+
Kh8 47. Kg3 Bd7 48. Kf4 Ra5 49. Rf1 Ra8 50. f3 Ra5 51. Bf5 Be8 52. Bc8 Ra4 53.
Kf5 Kg7 54. Be6 Bf7 55. Rd1 Rxd4 1/2-1/2

[Event "Württ Kandidatenturnier"]
[Site "Stuttgart"]
[Date "2015.09.01"]
[Round "5.7"]
[White "Bangert, Udo"]
[Black "Wendler, Werner"]
[Result "0-1"]
[WhiteElo "1917"]
[BlackElo "2056"]
[PlyCount "50"]
[EventDate "2015.??.??"]
[EventCountry "GER"]
[WhiteTeam "SC Grunbach"]
[BlackTeam "SK Bebenhausen"]

1. d4 d5 2. c4 e6 3. cxd5 exd5 4. Nf3 c6 5. Nc3 Bf5 6. Bf4 Nf6 7. e3 Be7 8. Bd3
Bxd3 9. Qxd3 Nbd7 10. h3 O-O 11. a3 Nb6 12. g4 Nc4 13. g5 Nh5 14. O-O-O b5 15.
h4 Qa5 16. Ne5 Bxa3 17. Nxc4 bxc4 18. Qc2 Nxf4 19. exf4 Rab8 20. Na4 Rb3 21.
bxa3 Qxa4 22. Kd2 Rd3+ 23. Kc1 Qxa3+ 24. Qb2 Rc3+ 25. Kb1 Rb3 0-1

[Event "Württ Kandidatenturnier"]
[Site "Stuttgart"]
[Date "2015.09.01"]
[Round "5.8"]
[White "Zimmermann, Tobias"]
[Black "Quernheim, Daniel"]
[Result "0-1"]
[WhiteElo "1804"]
[BlackElo "2035"]
[PlyCount "70"]
[EventDate "2015.??.??"]
[EventCountry "GER"]
[WhiteTeam "SC Botnang"]
[BlackTeam "SC Botnang"]

1. e4 Nf6 2. e5 Nd5 3. c4 Nb6 4. d4 d6 5. Nf3 g6 6. Be2 Bg7 7. O-O O-O 8. Be3
Nc6 9. exd6 cxd6 10. Nc3 Bg4 11. Bd3 Nxd4 12. Bxg6 Nxf3+ 13. gxf3 hxg6 14. Bxb6
Qxb6 15. Nd5 Qd8 16. fxg4 e6 17. Ne3 Bxb2 18. Rb1 Qf6 19. Qb3 Be5 20. Qxb7 d5
21. Ng2 dxc4 22. f4 Bd4+ 23. Kh1 c3 24. Qe4 Bb6 25. Rfd1 Rfd8 26. g5 Qf5 27.
Qxf5 exf5 28. Ne1 Be3 29. Rxd8+ Rxd8 30. Rb3 Rd1 31. Rxc3 Rxe1+ 32. Kg2 Bxf4
33. h4 Re3 34. Rc8+ Kg7 35. Ra8 Ra3 0-1

[Event "Württ Kandidatenturnier"]
[Site "Stuttgart"]
[Date "2015.09.01"]
[Round "5.9"]
[White "Wendler, David"]
[Black "Siegle, Florian"]
[Result "1/2-1/2"]
[WhiteElo "1857"]
[BlackElo "1944"]
[PlyCount "134"]
[EventDate "2015.??.??"]
[EventCountry "GER"]
[WhiteTeam "SK Bebenhausen"]
[BlackTeam "Stuttgarter SF"]

1. e4 g6 2. d4 Bg7 3. Nf3 c5 4. c3 cxd4 5. cxd4 Nf6 6. Nc3 O-O 7. Bc4 Nxe4 8.
Nxe4 d5 9. Bd3 dxe4 10. Bxe4 Qa5+ 11. Bd2 Qb6 12. Bc3 Nd7 13. Ne5 Nxe5 14. dxe5
Bxe5 15. O-O Qd6 16. Bxe5 Qxe5 17. Qf3 Qxb2 18. Rfb1 Qe5 19. Bxb7 Bxb7 20. Qxb7
Rfb8 21. Qf3 Rxb1+ 22. Rxb1 Rb8 23. Rxb8+ Qxb8 24. Qd1 Qb2 25. a4 h5 26. g3 Kg7
27. Kg2 Qb7+ 28. Kg1 Qe4 29. Qd7 a5 30. Qb5 Qb4 31. Kf1 Qxb5+ 32. axb5 a4 33.
b6 a3 34. b7 a2 35. b8=Q a1=Q+ 36. Kg2 Qd4 37. h4 e5 38. Qe8 e4 39. Qe7 Qd5 40.
Kg1 Qf5 41. Kg2 Qe6 42. Qc5 f5 43. Qd4+ Kf7 44. Qa7+ Qe7 45. Qe3 Qd7 46. Qh6
Qd4 47. Qg5 Qd3 48. Qf4 Ke6 49. Qg5 Qf3+ 50. Kg1 Qg4 51. Qe3 Qd1+ 52. Kg2 Qd5
53. Kg1 Qc6 54. Qg5 Kf7 55. Qf4 Qe6 56. Kg2 Qf6 57. Kg1 Qe7 58. Kg2 Kf6 59.
Qg5+ Kf7 60. Qf4 Kg7 61. Kg1 g5 62. Qxf5 e3 63. fxe3 Qxe3+ 64. Qf2 Qc1+ 65. Kh2
g4 66. Qd4+ Kg6 67. Qd6+ Kf7 1/2-1/2

[Event "Württ Kandidatenturnier"]
[Site "Stuttgart"]
[Date "2015.09.01"]
[Round "5.10"]
[White "Lüdke, Joshua"]
[Black "Meier, Michael"]
[Result "1/2-1/2"]
[WhiteElo "1823"]
[BlackElo "2013"]
[PlyCount "131"]
[EventDate "2015.??.??"]
[EventCountry "GER"]
[WhiteTeam "SV Marbach"]
[BlackTeam "SSV Zuffenhausen"]

1. d4 Nf6 2. c4 g6 3. Nc3 Bg7 4. e4 d6 5. Nf3 O-O 6. Be2 e5 7. dxe5 dxe5 8.
Qxd8 Rxd8 9. Nd5 Nxd5 10. cxd5 c6 11. Bc4 b5 12. Bb3 Bb7 13. Bg5 Rd7 14. Rc1 h6
15. Be3 cxd5 16. Bxd5 Na6 17. Bxb7 Rxb7 18. Nd2 Nb4 19. Ke2 Nxa2 20. Ra1 Nb4
21. Ra5 Nc6 22. Ra6 Nd4+ 23. Bxd4 exd4 24. Kd3 Rb6 25. Rha1 Rxa6 26. Rxa6 Be5
27. Rc6 f6 28. g3 g5 29. Nf3 Kg7 30. Rc5 a6 31. Nxe5 fxe5 32. Rxe5 Rf8 33. Rf5
Rc8 34. h4 gxh4 35. gxh4 Rc1 36. Kxd4 Rc4+ 37. Kd5 Rb4 38. h5 Rxb2 39. Ke6 Rc2
40. f4 b4 41. Rf7+ Kg8 42. Rb7 a5 43. e5 Rc6+ 44. Kf5 Ra6 45. e6 a4 46. Rxb4 a3
47. Rb1 a2 48. Ra1 Kg7 49. Ke5 Ra5+ 50. Kd6 Ra6+ 51. Ke7 Ra7+ 52. Kd8 Ra8+ 53.
Kc7 Kf6 54. f5 Kxf5 55. e7 Ra7+ 56. Kd6 Ra6+ 57. Kd5 Ra5+ 58. Kd4 Ra4+ 59. Kd3
Ra3+ 60. Kd4 Ra4+ 61. Kd5 Ra5+ 62. Kd6 Ra6+ 63. Kd7 Ra7+ 64. Ke8 Ke6 65. Re1+
Kf6 66. Rf1+ 1/2-1/2